Etudes for the violin Op. 32

محفوظ في:
التفاصيل البيبلوغرافية
المؤلف الرئيسي: Sitt, Hans (مؤلف)
التنسيق: كتاب
اللغة:الإنجليزية
منشور في: Nueva York G. Schirmer 1907
سلاسل:Schirmer's Library of Musical Classics, 871
الموضوعات:
الوسوم: إضافة وسم
لا توجد وسوم, كن أول من يضع وسما على هذه التسجيلة!

MARC

LEADER 00000nam a2200000 a 4500
001 UCN7183
003 CL-VaPUC
008 011012e19070000US |||||||||||||||||eng|d
082 0 4 |a 787.2193  |b SIT  |2 21 
100 0 |a Sitt, Hans  |e author  |9 463066 
245 1 0 |a Etudes for the violin Op. 32 
300 |a v 
942 |c BK 
945 |d 20011012 00:00:00  |a lriquelm 
260 |a Nueva York  |b G. Schirmer  |c 1907 
500 |a v.1: Twenty études in the first position 
650 0 |a Violín  |x Técnicas de ejecución  |9 462624 
650 0 |a Violín  |x Interpretación  |9 462625 
650 0 |a Violín  |x Estudio y ejercicios  |9 462626 
650 0 |a Violín  |x Estudio e instrucción  |9 462623 
583 |a last modification  |c 20011012 00:00:00  |k Rodrigo Vera 
490 0 |a Schirmer's Library of Musical Classics, 871 
999 |c 297642  |d 297640 
952 |0 0  |1 0  |4 0  |6 787_219300000000000_SIT_1907  |7 0  |8 F  |9 352557  |a BIBEDU  |b BIBEDU  |d 2019-11-21  |h v.1  |i 1172298  |o 787.2193 SIT 1907  |p 1172298  |r 2023-11-22  |w 2019-11-21  |y BK_F  |k MUS